Addis Ababa Bole Int. Destinations (Addis Ababa, Ethiopia) - Statistics

General Stats
  • This quiz has been taken 162 times
    90 since last reset
  • The average score is 93 of 152
Answer Stats
Airline Destination % Correct
Ethiopian Airlines Cape Town
98%
Ethiopian Airlines/Kenya Airways Nairobi (Jomo Kenyatta)
98%
Air Algerie Algiers
97%
Egyptair/Ethiopian Airlines Cairo
97%
Ethiopian Airlines/Qatar Airways Doha
97%
Emirates/Ethiopian Airlines/flydubai Dubai (International)
97%
Ethiopian Airlines/Turkish Airlines Istanbul
97%
Ethiopian Airlines Johannesburg (O.R. Tambo)
97%
Royal Air Maroc Casablanca
95%
Ethiopian Airlines/flynas/Saudia Riyadh
95%
Ethiopian Airlines/Etihad Airways Abu Dhabi
93%
Ethiopian Airlines Abuja
93%
Ethiopian Airlines Accra
93%
Ethiopian Airlines Delhi
93%
Ethiopian Airlines/flynas/Saudia Jeddah
93%
Ethiopian Airlines Lagos
93%
Ethiopian Airlines London (Gatwick)
93%
Ethiopian Airlines London (Heathrow)
93%
Ethiopian Airlines Athens
92%
Ethiopian Airlines Milan (Malpensa)
92%
Ethiopian Airlines Mumbai
92%
Ethiopian Airlines New York (JFK)
92%
Ethiopian Airlines Rome (Fiumicino)
92%
Ethiopian Airlines Beijing (Capital)
90%
Ethiopian Airlines Madrid
90%
Ethiopian Airlines Paris (Charles de Gaulle)
90%
Air Djibouti/Ethiopian Airlines Djibouti
88%
Ethiopian Airlines Hong Kong
88%
Ethiopian Airlines Luanda
88%
Ethiopian Airlines Zurich
88%
Ethiopian Airlines Shanghai (Pudong)
87%
Ethiopian Airlines Tel Aviv
87%
Ethiopian Airlines Tokyo (Narita)
87%
Ethiopian Airlines Amman (Queen Alia)
85%
Ethiopian Airlines Dakar (Diass)
85%
Ethiopian Airlines Dar es Salaam
85%
Ethiopian Airlines Frankfurt
85%
Ethiopian Airlines/Rwandair Kigali
85%
Ethiopian Airlines/Jazeera Airways Kuwait City
85%
Ethiopian Airlines Abidjan
83%
Ethiopian Airlines Moscow (Domodedovo)
82%
Ethiopian Airlines Muscat
82%
Ethiopian Airlines Singapore
82%
Ethiopian Airlines Stockholm (Arlanda)
80%
Ethiopian Airlines Bangkok (Suvarnabhumi)
78%
Ethiopian Airlines Kinshasa (N'Djili)
78%
Ethiopian Airlines Warsaw (Chopin)
78%
Ethiopian Airlines Brazzaville
77%
Ethiopian Airlines Copenhagen
77%
Ethiopian Airlines Mogadishu
77%
Ethiopian Airlines Vienna
77%
Eritrean Airlines/Ethiopian Airlines Asmara
75%
Ethiopian Airlines/Gulf Air Bahrain
75%
Ethiopian Airlines Beirut
75%
Ethiopian Airlines Chicago (O'Hare)
75%
Ethiopian Airlines Guangzhou
75%
Ethiopian Airlines Harare
75%
Ethiopian Airlines Jakarta (Soekarno-Hatta)
75%
Ethiopian Airlines Karachi
75%
Ethiopian Airlines Seoul (Incheon)
75%
Ethiopian Airlines Washington (Dulles)
75%
Ethiopian Airlines Zanzibar
75%
Ethiopian Airlines Kuala Lumpur (International)
73%
Ethiopian Airlines Mombasa
73%
Ethiopian Airlines São Paulo (Guarulhos)
73%
Ethiopian Airlines Freetown
72%
Ethiopian Airlines Lusaka
72%
Ethiopian Airlines Medina
72%
Ethiopian Airlines Toronto (Pearson)
72%
Ethiopian Airlines Yaounde
72%
Ethiopian Airlines Atlanta
70%
Ethiopian Airlines Geneva
70%
Ethiopian Airlines Lomé
70%
Ethiopian Airlines Oslo
70%
Ethiopian Airlines Windhoek (Hosea Kutako)
70%
Ethiopian Airlines Antananarivo
68%
Ethiopian Airlines Brussels
68%
Ethiopian Airlines Dhaka
68%
Ethiopian Airlines Maputo
68%
Ethiopian Airlines Bangalore
67%
Ethiopian Airlines Buenos Aires (Ezeiza)
67%
Ethiopian Airlines Newark
67%
Ethiopian Airlines Bamako
65%
Ethiopian Airlines Conakry
65%
Ethiopian Airlines Douala
65%
Ethiopian Airlines Juba
65%
Ethiopian Airlines Manchester
65%
Ethiopian Airlines Bangui
63%
Ethiopian Airlines Chennai
63%
Ethiopian Airlines Dammam
63%
Ethiopian Airlines Gaborone
63%
Ethiopian Airlines Libreville
63%
Ethiopian Airlines N'Djamena
63%
Yemenia Aden
62%
Ethiopian Airlines Chengdu (Tianfu)
62%
Ethiopian Airlines Kano
62%
Ethiopian Airlines Lilongwe
60%
Ethiopian Airlines Manila
60%
Ethiopian Airlines Entebbe
58%
Ethiopian Airlines Monrovia (Roberts)
58%
Air Arabia/Ethiopian Airlines Sharjah
58%
Ethiopian Airlines Hyderabad
57%
Ethiopian Airlines Niamey
57%
Ethiopian Airlines Ouagadougou
57%
Ethiopian Airlines Hanoi
55%
Ethiopian Airlines Marseille
55%
Ethiopian Airlines Moroni
55%
Ethiopian Airlines Cotonou
50%
Ethiopian Airlines Hargeisa
50%
Ethiopian Airlines Malabo
50%
Ethiopian Airlines Mahé
48%
Ethiopian Airlines Porto
48%
Ethiopian Airlines Kilimanjaro
45%
Ethiopian Airlines Port Sudan
43%
Ethiopian Airlines Bujumbura
42%
Ethiopian Airlines Lubumbashi
40%
Ethiopian Airlines Dire Dawa
33%
Ethiopian Airlines Gondar
33%
Ethiopian Airlines Victoria Falls
32%
Ethiopian Airlines Goma
30%
Ethiopian Airlines Pointe-Noire
30%
Ethiopian Airlines Blantyre
28%
Ethiopian Airlines Bahir Dar
25%
Ethiopian Airlines Bulawayo
25%
Ethiopian Airlines Mek'ele
25%
Ethiopian Airlines Beira
23%
Ethiopian Airlines Bosaso
20%
Ethiopian Airlines Gambella
20%
Ethiopian Airlines Jijiga
20%
Ethiopian Airlines Jimma
20%
Ethiopian Airlines Kisangani
20%
Ethiopian Airlines Nosy-Be
18%
Ethiopian Airlines Axum
17%
Ethiopian Airlines Lalibela
17%
Ethiopian Airlines Livingstone
17%
Ethiopian Airlines Dessie
15%
Ethiopian Airlines Ndola
15%
Ethiopian Airlines Arba Minch
13%
Ethiopian Airlines Asosa
13%
Ethiopian Airlines Awasa
13%
Ethiopian Airlines Maun
13%
Ethiopian Airlines Nekemte
13%
Ethiopian Airlines Goba
12%
Ethiopian Airlines Semera
12%
Eritrean Airlines Assab
10%
Ethiopian Airlines Dembidolo
10%
Ethiopian Airlines Enugu
10%
Ethiopian Airlines Gode
10%
Ethiopian Airlines Shire
10%
Ethiopian Airlines Garowe
8%
Ethiopian Airlines Humera
7%
Ethiopian Airlines Kebri Dahar
7%
No matching quizzes found
Score Distribution
Percent of People with Each Score
Percentile by Number Answered
Your Score History
You have not taken this quiz since the last reset